01413nam a2200265 a 450000100100000000500170001000800410002702000180006804000250008608200160011110000370012724500450016426000610020930000210027050000430029150000700033459000270040495201200043195201140055195201200066595201150078595201150090095201150101599900170113000004894320201002061529.0190314s2016 dr 000 0 spa d a9789945581591 aDO-SdBNPbspacBNPHU axxxxbM538h1 aMéndez, Humbertod1941-92947114aLos hijos de Itiba /cHumberto Méndez. aPuerto Rico :bIsla negra,c2016fRepública Dominicana a288 p. ;c22 cm. aIncluye glosario de vocablos Taínos. aIncluye datos biografícos del autor en la solapa de la portada. aInventariado, 2019/ YL 0010718DSaGRbGRcCTd2019-05-06iLF1l0oxxxx M538hp48943-30r2020-06-25te. 3w2020-06-25yLFDSZNo se presta 0010718PDaPDbPDcCTd2019-05-06iLF1l0oxxxx M538hp48943-10r2020-06-25w2020-06-25yLFPDZNo se presta 0010718PDaPDbPDcCTd2019-05-06iLF1l0oxxxx M538hp48943-20r2020-06-25te. 2w2020-06-25yLFPDZNo se presta 00107-18PDaGRbGRcOId2019-05-06iLF1l0oxxxx M538hp48944-30r2020-06-25w2020-06-25yLFPDZNo se presta 00107-18PDaPDbPDcOId2019-05-06iLF1l0oxxxx M538hp48944-10r2020-06-25w2020-06-25yLFPDZNo se presta 00107-18PDaPDbPDcOId2019-05-06iLF1l0oxxxx M538hp48944-20r2020-06-25w2020-06-25yLFPDZNo se presta c48431d48431